| 000 | 00490cab a2200193 4500 | ||
|---|---|---|---|
| 001 | ABS44349 | ||
| 008 | 090401t1991 xxu||||| |||| 00| 0 eng d | ||
| 035 | _a(Sirsi) u46710 | ||
| 041 | _aeng | ||
| 100 | _aHarris, S. | ||
| 245 | 3 | _aAn ancient profession that`s still going strong | |
| 260 | _c1991 | ||
| 350 | _a0 | ||
| 490 |
_aValuer (ISVA) _v60(3) April 1991, 13(1) |
||
| 520 | _aPotted history of auctions. | ||
| 690 |
_aAuctioneering _96218 |
||
| 942 | _n0 | ||
| 948 | _c04/03/1997 | ||
| 999 |
_c29527 _d29527 |
||